|
|
|
|
| LEADER |
00928naa a2200217 i 4500 |
| 001 |
publ17613 |
| 005 |
20191214134948.0 |
| 008 |
191214s2017 hu o 0|| zxx d |
| 020 |
|
|
|a 9786155209796
|
| 024 |
7 |
|
|a 30333856
|2 mtmt
|
| 040 |
|
|
|a SZTE Publicatio Repozitórium
|b hun
|
| 041 |
|
|
|a zxx
|
| 100 |
1 |
|
|a Sipos György
|
| 245 |
1 |
2 |
|a A Szépművészeti Múzeum Antik Gyűjteményében őrzött, határon lefoglalt kerámiaidolok eredetiségvizsgálata TL módszerrel
|h [elektronikus dokumentum] /
|c Sipos György
|
| 260 |
|
|
|a Magyar Nemzeti Múzeum; Szépművészeti Múzeum
|b Budapest
|c 2017
|
| 300 |
|
|
|a 14
|
| 300 |
|
|
|a 253-266
|
| 490 |
0 |
|
|a Interdiszciplinaritás. Archeometriai, régészeti és művészettörténeti tanulmányok
|
| 700 |
0 |
1 |
|a Tóth Orsolya
|e aut
|
| 700 |
0 |
1 |
|a Bozsó Gábor
|e aut
|
| 856 |
4 |
0 |
|u http://publicatio.bibl.u-szeged.hu/17613/1/Sipos_et_al2017InterdiszciplinaritasArcheometriaRegeszet.pdf
|z Dokumentum-elérés
|